| 000 | 01139nam a22003137a 4500 | ||
|---|---|---|---|
| 001 | BR6010691 | ||
| 003 | BR-BrBNA | ||
| 005 | 20230928083340.0 | ||
| 007 | ta | ||
| 008 | 230509b bl.||||| |||| 00| 0 por d | ||
| 040 |
_aBR-BrBNA _bpor _cBiblioteca Nacional de Agricultura |
||
| 041 | _a(Por) | ||
| 072 |
_aF00 _b/G514 |
||
| 090 | _ F00 BR6010691 | ||
| 100 | 1 | _aRebelo, J.A. | |
| 100 | 1 | _aPioner, J.C.S. | |
| 100 | 1 | _aDalponte, J.C.A. | |
| 110 | 1 |
_aAssociacao de Credito e Assistencia Rural do Estado de Santa Catarina, Florianopolis (Brasil); _9468 |
|
| 110 | 1 |
_aEmpresa de Assistencia Tecnica e Extensao Rural de Santa Catarina, Florianopolis (Brasil) _93993 |
|
| 245 | 1 | _aProposta para um programa de horticultura na regiao de Florianopolis [Santa Catarina, Brasil] | |
| 260 | 3 |
_aFlorianopolis, SC (Brasil): _c[nd]. |
|
| 300 | _a58 p. | ||
| 500 | _a16 tables; 13 graphs. (*) Documento disponível na(o) Empresa Catarinense de Pesquisa Agropecuaria, Florianopolis, SC (Brazil) | ||
| 650 | _aHORTICULTURA | ||
| 650 | _aFLORIANOPOLIS | ||
| 650 | _aSANTA CATARINA | ||
| 909 |
_a202309 _bLucia _c55 _dLucia Elande |
||
| 942 | _cBK | ||
| 999 |
_c12947 _d12947 |
||